Najpopularniejsze Imię Męskie w Każdym Roku (2000-2025) - Statystyki

Ogólne statystyki
  • Ten quiz został rozwiązany 91 razy
  • Średni wynik to 19 z 26
Statystyki odpowiedzi
Rok Imię % Poprawnych
2000 Jakub
81%
2001 Jakub
81%
2002 Jakub
81%
2003 Jakub
81%
2004 Jakub
81%
2005 Jakub
81%
2006 Jakub
81%
2007 Jakub
81%
2008 Jakub
81%
2009 Jakub
81%
2010 Jakub
81%
2011 Jakub
81%
2012 Jakub
81%
2013 Jakub
81%
2014 Jakub
81%
2015 Jakub
81%
2016 Antoni
68%
2017 Antoni
68%
2018 Antoni
68%
2019 Antoni
68%
2020 Antoni
68%
2021 Antoni
68%
2022 Antoni
68%
2023 Nikodem
51%
2024 Nikodem
51%
2025 Nikodem
51%
Nie znaleziono quizów pasujących do podanych kryteriów
Rozkład punktacji
Procent ludzi z każdym wynikiem
Percentyl według liczby udzielonych odpowiedzi
Twoja historia wyników
Nie rozwiązałeś tego quizu